Aplikácia firemnej kultúry v manažérstve priemyselných podnikov
Firemná kultúra a jej súčasné chápanie. Východiská pre aplikáciu firemnej kultúry v praxi priemyselných podnikov. Plánovanie a firemná kultúra. Nástroje ovplyvňujúce firemnú kultúru vo funkcii vedenie ľudí. Model aplikácie firemnej kultúry v manažérstve priemyselných podnikov.
Gespeichert in:
| 1. Verfasser: | |
|---|---|
| Weitere Verfasser: | , |
| Format: | Buchkapitel |
| Sprache: | Slowakisch |
| Schlagworte: | |
| Tags: |
Keine Tags, Fügen Sie das erste Tag hinzu!
|
MARC
| LEADER | 00000naa a2200000 4500 | ||
|---|---|---|---|
| 001 | 0141839 | ||
| 005 | 20231013084723.9 | ||
| 041 | 0 | |a slo | |
| 044 | |a SK | ||
| 245 | 1 | 0 | |a Aplikácia firemnej kultúry v manažérstve priemyselných podnikov |c Miloš Čambál, Jaromíra Vaňová, Dagmar Cagáňová |
| 520 | |a Firemná kultúra a jej súčasné chápanie. Východiská pre aplikáciu firemnej kultúry v praxi priemyselných podnikov. Plánovanie a firemná kultúra. Nástroje ovplyvňujúce firemnú kultúru vo funkcii vedenie ľudí. Model aplikácie firemnej kultúry v manažérstve priemyselných podnikov. | ||
| 610 | 2 | 0 | |a riadenie ľudských zdrojov |
| 610 | 2 | 0 | |a kultúra podniková |
| 610 | 2 | 0 | |a podnik priemyselný |
| 610 | 2 | 0 | |a manažment |
| 100 | 1 | |a Čambál, Miloš | |
| 700 | 1 | |a Vaňová, Jaromíra | |
| 700 | 1 | |a Cagáňová, Dagmar | |